Представление документа в формате RUSMARC

Поле Инд. ПП Название Значение
Тип записи a
Библиографический уровень a
001 Контрольный номер 431095d0bc544aeeb9c53b96e6ee9e43
005 Дата корректировки 20181120134531.7
100 a Данные общей обработки 20180621 ||| 0rusy0189 ca
101 0_ a Язык текста rus
102 a Страна публикации RU
200 1_ f Первые сведения об ответственности Б.Р. Бурганов
a Заглавие Проблемы совершенствования принципов арбитражного судопроизводства
210 d Дата издания 2018
461 _0 1 2000
a Арбитражный и гражданский процесс
463 _0 1 2000
a №5
v С. 10-14
1 2101
d 2018
1 00119566db5f7d14de8b26f6d9efd71e827
606 a Основная рубрика Гражданское процессуальное право
610 0_ a Ключевые слова АРБИТРАЖНЫЙ ПРОЦЕСС; СУДОПРОИЗВОДСТВО; ПРИНЦИПЫ ПРАВА
700 _1 a Фамилия Бурганов
b Имя Б.Р.
801 _0 a Страна RU
b Организация РГУП
c Дата составления 20180621
g Правила каталогизации PSBO
801 _1 a Страна RU
b Организация РГУП
c Дата составления 20180621
g Правила каталогизации PSBO
901 t Тип документа b
w Контрольный № источника 19566db5f7d14de8b26f6d9efd71e827
905 a Дата ввода 20180621